| 000 | 00655nam a2200229 a 4500 | ||
|---|---|---|---|
| 001 | BRCA_5507 | ||
| 005 | 20190320205117.0 | ||
| 008 | 030211s1940----fr-#######---#000-0#eng-# | ||
| 041 | _aeng | ||
| 044 | _afr | ||
| 050 | 4 |
_aND553.C6 _b.C67 1940 |
|
| 100 | 1 |
_aColombier, Pierre du _914073 |
|
| 245 | 1 | 0 |
_aCorot _cby Pierre du Colombier. |
| 260 |
_aParís _bAlbert Skira _c1940 |
||
| 300 |
_a4 p. _bil. a color, 7 láminas _c38 cm. |
||
| 440 | 0 |
_aMasterpieces of French painting XIX century _914074 |
|
| 500 | _aE182 | ||
| 600 | 1 | 4 |
_aCorot, Jean Baptiste Camille _d1796-1875 _914075 |
| 650 | 1 | 4 |
_aPintores franceses _97726 |
| 902 | _aGFM | ||
| 942 |
_2lcc _cB |
||
| 999 |
_c5201 _d5201 |
||